| 000 | 01972nam a2200421 c 4500 | ||
|---|---|---|---|
| 003 | BLK | ||
| 005 | 20241223112811.0 | ||
| 008 | 180411b bul|||||r ||||||| ||bul|| | ||
| 010 | _aKNG00188054000 | ||
| 020 |
_a978-954-494-932-7 _bиздат.: Унив. изд. Стопанство |
||
| 040 | _aBLK | ||
| 041 |
_aBUL _cBUL |
||
| 072 | 7 |
_2bullib _aН33 _xИкономика Н |
|
| 080 |
_aТуризмът от стопанско гледище. Политика по отношение на туризма. Икономика и организация на туризма. Вътрешен и международен туризъм. Вж и 379.8 _b338.48 _x(075.8) _z338.48(075.8) |
||
| 080 |
_aОрганизация на свободното време _b379.8 _x(075.8) _z379.8(075.8) |
||
| 100 | 1 |
_aЯнева, Мариана Кирилова _eпърви автор _9341718 |
|
| 139 |
_aЯнева, Мариана Кирилова _bЯ 54 |
||
| 245 | 1 | 0 |
_aЕкскурзоводско обслужване _cМариана Кирилова Янева. |
| 250 | _a2. доп. изд. | ||
| 257 | _aBGR | ||
| 260 |
_аСофия _bУнив. изд. Стопанство _c2008 |
||
| 300 |
_a332 с. _c23 см |
||
| 380 | _a3 | ||
| 500 | _a1. изд. 2007. - Изд. на УНСС. - Библиогр. под линия. | ||
| 650 | 4 |
_aТуризъм - учебници за ВУЗ _9265407 |
|
| 650 | 4 |
_aТуризъм, международен - учебници за ВУЗ _9249971 |
|
| 653 | _aекскурзоводство | ||
| 653 | _aмеждународен туризъм | ||
| 653 | _aтуристическо обслужване | ||
| 653 | _aучебници за ВУЗ | ||
| 659 | _aН | ||
| 852 | _aЦб 280699 | ||
| 856 | 4 |
_qpdf _u |
|
| 856 | 4 |
_qpdf _u |
|
| 942 |
_cKNG _n0 _05 |
||
| 944 |
_aCR _c30.05.2016 _lЦветомила Тодорова _k30576 |
||
| 944 |
_aED _c20.02.2018 _lф / _kЛюдмила_Стоянова |
||
| 999 |
_c179275 _d179275 |
||